Hacker Techniques, Tools, and Incident Handling (Record no. 217011)
[ view plain ]
| 000 -LEADER | |
|---|---|
| fixed length control field | 00580nam a22001937a 4500 |
| 008 - FIXED-LENGTH DATA ELEMENTS--GENERAL INFORMATION | |
| fixed length control field | 260420b |||||||| |||| 00| 0 eng d |
| 020 ## - INTERNATIONAL STANDARD BOOK NUMBER | |
| International Standard Book Number | 9781284172607 |
| 050 ## - LIBRARY OF CONGRESS CALL NUMBER | |
| Classification number | QA 76.9 .A25 O76 2020 |
| Item number | C.1 |
| 100 ## - MAIN ENTRY--PERSONAL NAME | |
| Personal name | Oriyano, Sean-Philip |
| 245 ## - TITLE STATEMENT | |
| Title | Hacker Techniques, Tools, and Incident Handling |
| 250 ## - EDITION STATEMENT | |
| Edition statement | Third Edition |
| 260 ## - PUBLICATION, DISTRIBUTION, ETC. | |
| Place of publication, distribution, etc. | Burlington, MA |
| Name of publisher, distributor, etc. | Jones & Bartlett |
| Date of publication, distribution, etc. | 2020 |
| 300 ## - PHYSICAL DESCRIPTION | |
| Extent | xvi, 407p.:ill. |
| 500 ## - GENERAL NOTE | |
| General note | Includes index |
| 650 ## - SUBJECT ADDED ENTRY | |
| Topical term or geographic name entry element | 1. Computer hackers. 2. Computer security. |
| 700 ## - ADDED ENTRY--PERSONAL NAME | |
| Personal name | Solomon, Michael G. |
| 942 ## - ADDED ENTRY ELEMENTS (KOHA) | |
| Source of classification or shelving scheme | Library of Congress Classification |
| Koha item type | Long Loan Book |
| Withdrawn status | Lost status | Source of classification or shelving scheme | Damaged status | Not for loan | Collection | Home library | Current library | Date acquired | Inventory number | Total checkouts | Full call number | Barcode | Date last seen | Copy number | Price effective from | Koha item type |
|---|---|---|---|---|---|---|---|---|---|---|---|---|---|---|---|---|
| Library of Congress Classification | Science & Technology | Kisii University Library | Kisii University Library | 04/20/2026 | 113147 | QA 76.9 .A25 O75 2020 | A001971 | 04/20/2026 | C.1 | 04/20/2026 | Long Loan Book | |||||
| Library of Congress Classification | Science & Technology | Kisii University Library | Kisii University Library | 04/20/2026 | 113148 | QA 76.9 .A25 O75 2020 | A001972 | 04/20/2026 | C.2 | 04/20/2026 | Long Loan Book | |||||
| Library of Congress Classification | Science & Technology | Kisii University Library | Kisii University Library | 04/20/2026 | 113149 | QA 76.9 .A25 O75 2020 | 04/20/2026 | C.3 | 04/20/2026 | Long Loan Book | ||||||
| Library of Congress Classification | Science & Technology | Kisii University Library | Kisii University Library | 04/20/2026 | 113150 | QA 76.9 .A25 O75 2020 | A001970 | 04/20/2026 | C.4 | 04/20/2026 | Long Loan Book | |||||
| Library of Congress Classification | Science & Technology | Kisii University Library | Kisii University Library | 04/20/2026 | 113151 | QA 76.9 .A25 O75 2020 | A001969 | 04/20/2026 | C.5 | 04/20/2026 | Long Loan Book | |||||
| Library of Congress Classification | Science & Technology | Kisii University Library | Kisii University Library | 04/20/2026 | 113152 | QA 76.9 .A25 O75 2020 | A001968 | 04/20/2026 | C.6 | 04/20/2026 | Long Loan Book | |||||
| Library of Congress Classification | Science & Technology | Kisii University Library | Kisii University Library | 04/20/2026 | 113153 | QA 76.9 .A25 O75 2020 | 04/20/2026 | C.7 | 04/20/2026 | Long Loan Book | ||||||
| Library of Congress Classification | Science & Technology | Kisii University Library | Kisii University Library | 04/20/2026 | 113154 | QA 76.9 .A25 O75 2020 | 04/20/2026 | C.8 | 04/20/2026 | Long Loan Book |